Bangladesh liberation movement (Record no. 6267)

000 -LEADER
fixed length control field 00551nam a2200193 a 4500
001 - CONTROL NUMBER
control field 6267
003 - CONTROL NUMBER IDENTIFIER
control field BD-DhUET
008 - FIXED-LENGTH DATA ELEMENTS--GENERAL INFORMATION
fixed length control field 890511s1987 bg b 001 0 eng
040 ## - CATALOGING SOURCE
Original cataloging agency DLC
Transcribing agency DLC
Modifying agency BD-DhUET
082 00 - DEWEY DECIMAL CLASSIFICATION NUMBER
Classification number 954.92
Item number MRA/1987
100 ## - MAIN ENTRY--PERSONAL NAME
Personal name Rafiqul Islam, M.
245 14 - TITLE STATEMENT
Title Bangladesh liberation movement
Remainder of title international legal implications
250 ## - EDITION STATEMENT
Edition statement 1st ed.
260 ## - PUBLICATION, DISTRIBUTION, ETC. (IMPRINT)
Place of publication, distribution, etc. Dhaka, Bangladesh
Name of publisher, distributor, etc. University Press
Date of publication, distribution, etc. 1987
300 ## - PHYSICAL DESCRIPTION
Extent xv, 321 p.
Dimensions 22 cm.
504 ## - BIBLIOGRAPHY, ETC. NOTE
Bibliography, etc Includes bibliographies
650 #0 - SUBJECT ADDED ENTRY--TOPICAL TERM
Topical term or geographic name as entry element Liberation movement Bangladesh
942 ## - ADDED ENTRY ELEMENTS (KOHA)
Koha item type General Book
Holdings
Copy number Piece designation (barcode) Koha date last seen Damaged status Sublocation or collection (holding branch) Koha item type Not for loan Koha normalized classification for sorting Lost status Koha full call number Date acquired Location (home branch) Shelving location Price effective from Withdrawn status Source of classification or shelving scheme
1691132014-12-01 Central Library, BUETGeneral Book 954_920000000000000_MRA_1987 954.92/MRA/19872014-12-01Central Library, BUETCirculation section2014-12-01  
2691142015-05-19 Central Library, BUETGeneral Book 954_920000000000000_MRA_1987 954.92/MRA/19872015-05-19Central Library, BUETCirculation section2015-05-19